Quizzes
Events
Quiz Creation
Community
Videos
Private Events
Remove Ads
Sign In
Join for FREE
Feedback
Dark Mode
Quiz Categories
Sports
Geography
Music
Movies
Television
Just For Fun
Miscellaneous
History
Literature
Language
Science
Gaming
Entertainment
Religion
Holiday
For Kids
Quiz Lab
Recent
Popular Today
Quiz Kudos Today
Editor Picks
Curator Picks
Quizzes by...
Day
Popularity
Type
Ratings
Length
Year
Community
Subscriptions
Recent Discussions
Orange Saloon
Badges
Playlists
Quests
Create
Leaderboards
Showdown
Live 5
Trivia Bingo
Activity
Puzzle Library
Sporcle Events
Private Events
Virtual Trivia
Globe League
Become a Host
Pub Owners
SporcleCon
Opinionation
Our Games
Videos
Blog
Mobile Apps
Partnerships
Remove Ads and Go Orange
Feedback
History
US Presidents
World Leaders
Politics
Nation
Discovery
War
Decade
Year
Century
Biography
Art
History
US Presidents
World Leaders
Politics
Nation
Discovery
War
Decade
Year
Century
Biography
Art
Random Quiz
Search Sporcle
×
Quiz Lab
Quiz Lab
History
US Presidents
Type in answers that appear in a list
Type in answers that appear in a list
Classic
Best Score? Go Orange.
President||VP Match Stats
Can you name the president and his associated vice president?
By
soxfan1
9m
88 Questions
282 Plays
282 Plays
282 Plays
Comments
Comments
Give Quiz Kudos
Give Quiz Kudos
-
- Ratings
hide this ad
More Info
Replay
Link that replays current quiz
Next Quiz
Link to next quiz in quiz playlist
You Got
0%
They Got
Avg Score
79%
Avg Friend Score
Upgrade to see
Score Distribution
Jump to the score distribution portion of the page
Score
0/88
Timer
09:00
0
Plays Today
% Correct
Barack Obama Joe Biden
95.4%
Barack Obama Joe Biden
95.4%
Barack Obama Joe Biden
95.4%
Barack Obama Joe Biden
95.4%
Bill Clinton Al Gore
94.7%
George Washington John Adams
94.7%
Bill Clinton Al Gore
94.7%
George Washington John Adams
94.7%
Bill Clinton Al Gore
94.7%
George Washington John Adams
94.7%
George Washington John Adams
94.7%
Bill Clinton Al Gore
94.7%
George Bush Dick Cheney
93.3%
George Bush Dick Cheney
93.3%
George Bush Dick Cheney
93.3%
George Bush Dick Cheney
93.3%
Abraham Lincoln Andrew Johnson
90.4%
George Bush Dan Quayle
90.4%
George Bush Dan Quayle
90.4%
Abraham Lincoln Andrew Johnson
90.4%
Abraham Lincoln Andrew Johnson
90.4%
George Bush Dan Quayle
90.4%
Abraham Lincoln Andrew Johnson
90.4%
George Bush Dan Quayle
90.4%
Ronald Reagan George Bush
89.4%
Ronald Reagan George Bush
89.4%
Ronald Reagan George Bush
89.4%
Ronald Reagan George Bush
89.4%
Dwight Eisenhower Richard Nixon
88.7%
John Kennedy Lyndon Johnson
88.7%
% Correct
Dwight Eisenhower Richard Nixon
88.7%
John Kennedy Lyndon Johnson
88.7%
John Kennedy Lyndon Johnson
88.7%
Dwight Eisenhower Richard Nixon
88.7%
John Kennedy Lyndon Johnson
88.7%
Dwight Eisenhower Richard Nixon
88.7%
Richard Nixon Spiro Agnew
87.9%
Richard Nixon Spiro Agnew
87.9%
Richard Nixon Spiro Agnew
87.9%
Richard Nixon Spiro Agnew
87.9%
Jimmy Carter Walter Mondale
87.2%
Jimmy Carter Walter Mondale
87.2%
Jimmy Carter Walter Mondale
87.2%
Jimmy Carter Walter Mondale
87.2%
Thomas Jefferson Aaron Burr
84%
Thomas Jefferson Aaron Burr
84%
Thomas Jefferson Aaron Burr
84%
Thomas Jefferson Aaron Burr
84%
Gerald Ford Nelson Rockefeller
80.5%
Gerald Ford Nelson Rockefeller
80.5%
Gerald Ford Nelson Rockefeller
80.5%
Gerald Ford Nelson Rockefeller
80.5%
James Garfield Chester Arthur
78%
James Garfield Chester Arthur
78%
James Garfield Chester Arthur
78%
James Garfield Chester Arthur
78%
Zachary Taylor Millard Fillmore
77.7%
Zachary Taylor Millard Fillmore
77.7%
Zachary Taylor Millard Fillmore
77.7%
Zachary Taylor Millard Fillmore
77.7%
% Correct
Grover Cleveland Adlai Stevenson
68.4%
Grover Cleveland Adlai Stevenson
68.4%
Grover Cleveland Adlai Stevenson
68.4%
Grover Cleveland Adlai Stevenson
68.4%
Andrew Jackson John Calhoun
65.2%
Andrew Jackson John Calhoun
65.2%
Andrew Jackson John Calhoun
65.2%
Andrew Jackson John Calhoun
65.2%
Harry Truman Alben Barkley
61.3%
Harry Truman Alben Barkley
61.3%
Harry Truman Alben Barkley
61.3%
Harry Truman Alben Barkley
61.3%
Franklin Roosevelt John Garner
61%
Franklin Roosevelt John Garner
61%
Franklin Roosevelt John Garner
61%
Franklin Roosevelt John Garner
61%
James Madison Elbridge Gerry
58.5%
James Madison Elbridge Gerry
58.5%
James Madison Elbridge Gerry
58.5%
James Madison Elbridge Gerry
58.5%
Woodrow Wilson Thomas Marshall
56.4%
Woodrow Wilson Thomas Marshall
56.4%
Woodrow Wilson Thomas Marshall
56.4%
Woodrow Wilson Thomas Marshall
56.4%
James Monroe Daniel Tompkins
53.2%
James Monroe Daniel Tompkins
53.2%
James Monroe Daniel Tompkins
53.2%
James Monroe Daniel Tompkins
53.2%
Quiz Playlist
Details
Report
Send in Message
Add To Playlist
More Info:
INSTRUCTIONS: Type in the president's first and last name AND the vice president's first and last name. Ex: "George Washington John Adams".
Classic:
Type in answers that appear in a list
Quiz Source
Last Updated: Feb 16, 2017
Quiz Scoreboard
CHALLENGE
Sign Up to Join the Scoreboard
Show All
Scores
Hide
Comments
May contain spoilers
Recently Published
NBA Finals Game Top Scorers (2010s)
by flibbidy
Sports
5m
Guess the 'R' Things in 3 Words
by MSUKent
Miscellaneous
3m
Actor to Badly Drawn Movie III
by MoMosMoProblems
Movies
5m
More to Explore
Quiz From the Vault
Featured Blog Post
Where Does Lost Luggage Go?
hide this ad
You Might Also Like...
Tags
US Presidents Quiz
Matching
Vice
Today's Top Quizzes in History
Browse History
hide this ad
Today's Top Quizzes in US Presidents
Browse US Presidents
Top Contributed Quizzes in History
1
Nickname Match: US Presidents
2
I Am Born On March 18th
3
Nickname Match: World Leaders II
4
Nickname Match: US Presidents II
5
Famous People on Time Magazine Covers III (Slideshow)
6
10 to 1: Generals by War
7
27 Amendments
8
Order the British Succession
9
New Deal Alphabet Soup
10
Constitutional Quiz
Explore More
Trending Topics
NBA
Disney
Harry Potter
Crossword
Marvel
Kpop
Anime
WWE
Song
Soccer
Country
Puzzle
The Office
NFL
Pokémon
hide this ad
More By:
soxfan1
Quiz
Plays
Rating
Category
Featured
Created
Alphabetical Countries Per Letter Minefield
402,155
4.38
Geography
Jun 29, 2011
Presidential Popular Vote
184,193
4.25
History
Dec 5, 2009
Rhymes with 'Bill'
147,503
4.48
Language
Jan 10, 2012
Figure Out the Lyrics: TV Theme II
91,942
3.99
Television
Jun 5, 2010
Literary Grab Bag
73,943
4.07
Literature
Jul 31, 2010
Go to Creator's Profile
Score Distribution
Quiz Creator Spotlight
soxfan1
Follow
Send a Message
Quizzes Created
-
Created Quiz Play Count
-
More By This Creator
Popular Quizzes Today
1
Find the US States - No Outlines Minefield
2
Find the US States
3
The Countries of the World
4
10 Largest US States in Order
5
Find the Countries of Europe - No Outlines Minefield
6
US States
7
Guess the 'R' Things in 3 Words
8
NBA Finals Game Top Scorers (2010s)
More History Quizzes
Germany in the 20th Century
Editor's Pick
Trending Quizzes
First Name TV: Leading Men
Match the Book to the Film II
First Name TV: Leading Women Drama
Match the Book to the Film VI
Pick A Pair: Religious TV
Recently Updated
Women's Final Four Teams by Year
bhenderson79
Presidents Quartet II
eogle
Anything But Clue(do)
eogle
Anything But Oceanian Capitals
eogle
Anything But 7
eogle
Anything But Thing
eogle
Word Ladder: February 29
pecheneg
Song Title Questions
pecheneg
Women's NCAA Tournament #1 Seeds
pecheneg
Celebrity Mug Shots
pecheneg
Trending Topics
Disney
Kpop
NBA
Anime
Crossword
Marvel
Harry Potter
Soccer
NFL
Pokémon
Song
The Office
Country
WWE
Puzzle
Your Account Isn't Verified!
In order to create a playlist on Sporcle, you need to verify the email address you used during registration. Go to your
Sporcle Settings
to finish the process.
Report this User
Report this user for behavior that violates our
Community Guidelines
.
Details:
Send Report
Go to the Sporcle.com Mobile Site →
Comments